| 000 | 00777cam a22002657a 4500 | ||
|---|---|---|---|
| 001 | 13533701 | ||
| 005 | 20180109084944.0 | ||
| 008 | 040323s2004 mauab b 001 0 eng d | ||
| 010 | _a 2001133352 | ||
| 020 | _a0395660726 | ||
| 035 | _a(OCoLC)ocm54063861 | ||
| 040 |
_aCPC _cCPC _dDLC |
||
| 041 | _aeng | ||
| 042 | _alccopycat | ||
| 043 | _ae-ur--- | ||
| 080 | _a947 WOY | ||
| 082 | 0 | 0 |
_a947 WOY _222 |
| 100 | _a16 | ||
| 101 | _aHIS | ||
| 245 | 0 | 2 |
_aA history of Russia : _cCatherine Evtuhov ... [et al.]. |
| 504 | _aIncludes bibliographical references and index. | ||
| 906 |
_a7 _bcbc _ccopycat _d1 _encip _f20 _gy-gencatlg |
||
| 942 |
_2ddc _cBK |
||
| 999 |
_c39967 _d39967 |
||